000 01062cam a2200325 a 4500
999 _c10955
_d10955
001 14726284
003 OSt
005 20191219103612.0
008 061212s2007 ii 001 0 eng
010 _a 2007343503
020 _a8131704033
025 _aI-E-2007-343503; 79-90
035 _a(IN-NdUBS)UBS06003241
037 _bLibrary of Congress -- New Delhi Overseas Office
_cRs575.00
040 _aDLC
_cDLC
_dDLC
042 _alcode
043 _aa-ii---
050 0 0 _aHC435.3
_b.S27 2007
082 _a338.954
_bSAR/I
100 1 _aSarkar, Jayanta
_9574
245 1 4 _aThe Indian economy :
_bpolicies, practices, and heresies /
_cJayanta Sarkar.
260 _aNew Delhi :
_bDorling Kindersley (India),
_c2007.
300 _axii, 311 p. ;
_c24 cm.
500 _aIncludes index.
651 0 _aIndia
_xEconomic policy
_y1991-
651 0 _aIndia
_xEconomic conditions
_y1947-
906 _a7
_bcbc
_corigode
_d3
_encip
_f20
_gy-gencatlg
942 _2ddc
_cBK
_h338.954
_iSAR/I
_k338.954
_mSAR/I